| 000 | 00834nam a2200217 i 4500 | ||
|---|---|---|---|
| 001 | 22356 | ||
| 003 | ES-MaACL | ||
| 005 | 20250930063036.0 | ||
| 007 | t| | ||
| 008 | 021202s1916 sp ||||1| spa d | ||
| 100 | 1 |
_aAlonso Cortés, Narciso, _d1875-1972 _920277 |
|
| 245 | 1 | 0 |
_aCasos cervantinos que tocan a Valladolid / _cpor Ignacio Narciso Alonso Cortés. |
| 260 |
_aValladolid : _bFortanet, _c1916. |
||
| 300 |
_a171 p. ; _c22 cm. |
||
| 594 | _aPrecede al título: Junta para Ampliación de Estudios e Investigaciones Científicas, Centro de Estudios Históricos. | ||
| 600 | 1 | 4 |
_aCervantes Saavedra, Miguel de, _d1547-1616- _xFamilia _937610 |
| 600 | 1 | 4 |
_aCervantes Saavedra, Miguel de, _d1547-1616 _9226514 |
| 651 | 4 |
_aValladolid- _xVida intelectual. _9160655 |
|
| 852 |
_aES-MaACL _jB-5211 |
||
| 999 |
_c22356 _d22356 |
||